El coronel no tiene quien le escriba / (Registro nro. 30807)
[ vista simple ]
| 000 -LEADER | |
|---|---|
| fixed length control field | 00774nam a2200253 a 4500 |
| 001 - CONTROL NUMBER | |
| control field | 991016538939707486 |
| 003 - CONTROL NUMBER IDENTIFIER | |
| control field | OSt |
| 005 - DATE AND TIME OF LATEST TRANSACTION | |
| control field | 20240813092653.0 |
| 008 - FIXED-LENGTH DATA ELEMENTS--GENERAL INFORMATION | |
| fixed length control field | 150910r20152014ck gr 0001f spa d |
| 020 ## - INTERNATIONAL STANDARD BOOK NUMBER | |
| International Standard Book Number | 9789588886121 |
| 040 ## - CATALOGING SOURCE | |
| Language of cataloging | spa |
| Transcribing agency | CO-JMCR |
| 082 04 - DEWEY DECIMAL CLASSIFICATION NUMBER | |
| Classification number | A-N |
| Item number | MARc |
| 100 1# - MAIN ENTRY--PERSONAL NAME | |
| Personal name | García Márquez, Gabriel, |
| 9 (RLIN) | 578 |
| 245 13 - TITLE STATEMENT | |
| Title | El coronel no tiene quien le escriba / |
| Statement of responsibility, etc. | Gabriel García Márquez. |
| 260 ## - PUBLICATION, DISTRIBUTION, ETC. | |
| Place of publication, distribution, etc. | Bogotá : |
| Name of publisher, distributor, etc. | Debolsillo, |
| 300 ## - PHYSICAL DESCRIPTION | |
| Extent | 98 páginas ; |
| Dimensions | 23 cm. |
| 490 #0 - SERIES STATEMENT | |
| Series statement | Debolsillo. Contemporánea |
| 586 ## - AWARDS NOTE | |
| Awards note | Premio Nobel de Literatura |
| 650 #7 - SUBJECT ADDED ENTRY--TOPICAL TERM | |
| Topical term or geographic name entry element | Novela colombiana. |
| Source of heading or term | BLAAUTO |
| 650 #7 - SUBJECT ADDED ENTRY--TOPICAL TERM | |
| Topical term or geographic name entry element | Esperanza |
| Form subdivision | Novela. |
| Source of heading or term | BLAAUTO |
| 9 (RLIN) | 43787 |
| 650 #7 - SUBJECT ADDED ENTRY--TOPICAL TERM | |
| Topical term or geographic name entry element | Pensiones militares |
| Form subdivision | Novela. |
| Source of heading or term | BLAAUTO |
| 9 (RLIN) | 43788 |
| 942 ## - ADDED ENTRY ELEMENTS (KOHA) | |
| Source of classification or shelving scheme | Dewey Decimal Classification |
| Koha item type | Books |
| 949 ## - LOCAL PROCESSING INFORMATION (OCLC) | |
| a | c |
| b | c |
| Withdrawn status | Lost status | Source of classification or shelving scheme | Damaged status | Not for loan | Collection code | Home library | Current library | Date acquired | Total Checkouts | Full call number | Barcode | Date last seen | Date last checked out | Copy number | Price effective from | Koha item type |
|---|---|---|---|---|---|---|---|---|---|---|---|---|---|---|---|---|
| Dewey Decimal Classification | Fiction | Biblioteca Pública José María del Castillo y Rada | Biblioteca Pública José María del Castillo y Rada | 04/06/2023 | 1 | A-N MARc | 201812288 | 09/18/2025 | 09/17/2025 | Ej.1 | 08/13/2024 | Books |